Modelirovanije struktur ASU na EVM

Saved in:
Bibliographic Details
Main Author: Dudorin, Vasilij Ivanovič
Other Authors: Lykova, Ljudmila Nikolajevna, Sirotin, Aleksandr Viktorovič
Format: Book
Language:Russian
Published: Moskva Finansy i statistika 1982
Tags: Add Tag
No Tags, Be the first to tag this record!

MARC

LEADER 00000nam a2200000 4500
001 c129048
005 20041019155245.3
041 0 |a rus 
044 |a RU 
245 1 0 |a Modelirovanije struktur ASU na EVM  |c Vasilij Ivanovič Dudorin, Ljudmila Nikolajevna Lykova, Aleksandr Viktorovič Sirotin 
264 1 |a Moskva  |b Finansy i statistika  |c 1982 
300 |a 166 s. 
100 1 |a Dudorin, Vasilij Ivanovič 
700 1 |a Lykova, Ljudmila Nikolajevna 
700 1 |a Sirotin, Aleksandr Viktorovič